000 00669cam a22002293a 4500
001 45843
003 PGUSA
005 20140828084051.0
008 140531s2014||||xxu|||||s|||||000 | eng d
040 _aPGUSA
_beng
042 _adc
100 1 _aAugustine, Aurelius
245 1 0 _aWritings in Connection with the Donatist Controversy
_h[electronic resource] /
_cAurelius Augustine
260 _bProject Gutenberg,
_c2014
506 _aPublic domain in the USA.
516 _aElectronic text
700 1 _aDods, Marcus,
_d1834-1909
700 1 _aKing, J. R.
830 0 _aProject Gutenberg
_v45843
856 4 0 _uhttp://www.gutenberg.org/ebooks/45843
942 _cEB
999 _c275093
_d275093